01317cam a22003497a 4500003000500000005001700005008004100022010000800063011000900071035000800080040000900088090001000097100003900107245016800146260004000314300001100354502008100365590003700446590004100483590004100524590004100565590004200606650002300648650003800671650003400709650002900743901000700772942001000779949003900789999001300828952012600841CHAP20220329132927.0971013s1989 r 00010 d a342 a1314 a490 cCHAP aTesis00aZepeta Sánchez, Alfredo.9123953 0aEstudio de asignación óptima de insumos en dos aserraderos del área de influencia de la unidad de administración forestal No. 4 "Mascota" Estado de Jalisco aChapingo, Méx. :bEl autor,c1989 a107 h. aTesis (Ing. Agr. Esp. en Bosques) -- UACH. División de Ciencias Forestales aALEPHb10c20130110lUCH01h1205 aBATCH-UPDb10c20130110lUCH01h0900 aBATCH-UPDb10c20130410lUCH01h0529 aBATCH-UPDb10c20130914lUCH01h0417 aCONVERSIONb10c20130109lUCH01h130214aAserraderos.9789214aBosquesxAdministración.91400314aBosquesxExtracción.91417414aBosquesxJalisco.914318 aBK cTESIS bBCcTESd-9937eTS1h22522i490si c342d342 00102local4051708TESISaBCbBCcPA_TESISd2019-12-31fTESISl0oTesisp-9937r2019-12-31 00:00:00w2019-12-31yTESIS